Dzieła zebrane
| Titel: | Dzieła zebrane / Bruno Schulz ; komitet redakcyjny Włodzimierz Bolecki, Jerzy Jarzębski, Małgorzata Kitowska-Łysiak, Stanisław Rosiek (przewodniczący) |
|---|---|
| Teil: | Tom 5. Księga listów / Bruno Schulz ; zebrał i przygotował do druku Jerzy Ficowski |
| Verfasser: | |
| Beteiligt: | ; ; ; ; |
| Veröffentlicht: | Gdańsk : Wydawnictwo słowo/obraz terytoria, 2016 |
| Umfang: | 458 Seiten |
| Format: | Buch |
| Sprache: | Polnisch |
| Schriftenreihe/ mehrbändiges Werk: |
Dzieła zebrane / Bruno Schulz ; komitet redakcyjny Włodzimierz Bolecki, Jerzy Jarzębski, Małgorzata Kitowska-Łysiak, Stanisław Rosiek (przewodniczący) ; Tom 5 alle Bände anzeigen
|
| ISBN: | 9788374530934 |
| Hinweise zum Inhalt: |
Inhaltsverzeichnis
|
X
alg: 38707513 001A $03004:20-09-16 001B $00026:11-01-19 $t14:19:06.000 001C $03004:13-10-16 $t15:10:13.000 001D $03004:13-10-16 001U $0utf8 001X $00 002@ $0Afu 002C $aText $btxt $2rdacontent 002D $aohne Hilfsmittel zu benutzen $bn $2rdamedia 002E $aBand $bnc $2rdacarrier 003@ $0387075135 003O $01085062592 $aOCoLC 004D $A978-83-7453-093-4 007A $0387075135 $aHEB 007G $0DE0202110EA1580296EA6C125804C004AA9D3 009P $qapplication/pdf $A2 $3Inhaltsverzeichnis $uhttp://scans.hebis.de/HEBCGI/show.pl?38707513_toc.pdf $mV:DE-603;B:DE-Mb50 010@ $apol 010E $erda 011@ $a2016 021A $aKsięga listów $hBruno Schulz ; zebrał i przygotował do druku Jerzy Ficowski 028A $BVerfasser $#Schulz, Bruno $#Shults, Bruno $#Šulʹc, Bruno $#Šûlṣ, Brûnô $#บรูโน ชูลซ์ $4aut $7118762427 $8Schulz, Bruno$Z1892-1942 [Tp1] $9087103109 028C $BHerausgeber $4edt $7 $8Jarze̜bski, Jerzy [Tnd] $9138724865 028C $BHerausgeber $#Łysiak, Małgorzata Kitowska- $#Łysiak, Małgorzata K. - $#Kitowskiej-Łysiak, Małgorzaty $4edt $7 $8Kitowska-Łysiak, Małgorzata [Tnd] $9138828784 028C $BHerausgeber $#Malewski, Jerzy $4edt $7124700160 $8Bolecki, Włodzimierz$Z1952- [Tp1] $9155332813 028C $BHerausgeber $4edt $7 $8Rosiek, Stanisław [Tnd] $9184852137 028C $BHerausgeber $RFicowska, Wanda $#Fitzowski, Jerzši $#Komiega, Marcin $#Ficovskij, Eži $#Ficovsʹkyj, Ježy $#Komięga, Marcin $#Fitsoṿsḳi, Yezshi $#Fitzowski, Jerzši $#Fitzowski, Jerzši $#Fitzowski, Jerzši $#Ficovskij, Eži $#Fitzowski, Jerzši $#Ficovskij, Eži $#Ficovsʹkyj, Ježy $#Fitzowski, Jerzši $#Ficovskij, Eži $#Ficovsʹkyj, Ježy $#Komięga, Marcin $#Fitzowski, Jerzši $#Ficovskij, Eži $#Ficovsʹkyj, Ježy $#Komięga, Marcin $#Fitsoṿsḳi, Yezshi $4edt $7124005438 $8Ficowski, Jerzy$Z1924-2006 [Tp1] $9106625489 033A $pGdańsk $nWydawnictwo słowo/obraz terytoria 034D $a458 Seiten 036C $aDzieła zebrane $x15 $hBruno Schulz ; komitet redakcyjny Włodzimierz Bolecki, Jerzy Jarzębski, Małgorzata Kitowska-Łysiak, Stanisław Rosiek (przewodniczący) $lTom 5 036D $x15 $8Dzieła zebrane / Bruno Schulz ; komitet redakcyjny: Włodzimierz Bolecki, Jerzy Jarzębski, Małgorzata Kitowska-Łysiak, Stanisław Rosiek (przewodniczący) $9385672926 lok: 38707513 24 exp: 38707513 24 1 #EPN 201B/01 $013-10-16 $t15:10:13.000 201C/01 $020-09-16 201U/01 $0utf8 203@/01 $0782768156 208@/01 $a13-10-16 $bz 209A/01 $a16.07506 $du $f050 $h16 07506 $x00 209C/01 $a16.07506 K $h16 07506 K 209G/01 $a73791987 $x00 220C/01 $aho-sz 244Z/01 $#Schulz, Bruno $#Shults, Bruno $#Šulʹc, Bruno $#Šûlṣ, Brûnô $#บรูโน ชูลซ์ $7118762427 $8--Tp1--Schulz, Bruno$Z1892-1942 $x01 $9087103109 247C/01 $8358050-7Marburg, Bibliothek des Herder-Instituts Marburg $9102600961 lok: 38707513 66 exp: 38707513 66 1 #EPN 201B/01 $030-09-19 $t12:50:27.000 201C/01 $030-09-19 201U/01 $0utf8 203@/01 $01062565223 208@/01 $a30-09-19 $bz 209A/01 $aD 3 Sch/Dz-5 $du $f000 $x00 209C/01 $a19/h1440 247C/01 $8618123-5 Darmstadt, Bibliothek des Deutschen Polen-Instituts $9102600902 lok: 38707513 204 exp: 38707513 204 1 #EPN 201B/01 $011-02-19 $t13:41:04.000 201C/01 $023-01-19 201U/01 $0utf8 203@/01 $01040819958 208@/01 $a23-01-19 $bzUB 209A/01 $a000 KP 4401.2016-5 $du $f000 $x00 209G/01 $a62483040 $x00 245S/01 $a21000 $x01 247C/01 $8631000-x <26>Gießen, Universität Gießen, Universitätsbibliothek Gießen $9102596697
| LEADER | 00000cam a2200000 cc4500 | ||
|---|---|---|---|
| 001 | 387075135 | ||
| 003 | DE-603 | ||
| 005 | 20190111141906.0 | ||
| 007 | tu | ||
| 008 | 160920s2016 xx |||| | u00||u|pol c | ||
| 020 | |z 9788374530934 | ||
| 035 | |a (DE-599)HEB387075135 | ||
| 035 | |a (OCoLC)1085062592 | ||
| 040 | |a DE-603 |b ger |c DE-603 |d DE-603 |e rda | ||
| 041 | |a pol | ||
| 100 | 1 | |a Schulz, Bruno |d 1892-1942 |e Verfasser |4 aut |0 (DE-603)087103109 |0 (DE-588)118762427 |2 gnd | |
| 245 | 0 | 0 | |a Dzieła zebrane |n Tom 5 |p Księga listów / Bruno Schulz ; zebrał i przygotował do druku Jerzy Ficowski |c Bruno Schulz ; komitet redakcyjny Włodzimierz Bolecki, Jerzy Jarzębski, Małgorzata Kitowska-Łysiak, Stanisław Rosiek (przewodniczący) |
| 264 | 1 | |a Gdańsk |b Wydawnictwo słowo/obraz terytoria |c 2016 | |
| 300 | |a 458 Seiten | ||
| 336 | |a Text |b txt |2 rdacontent | ||
| 337 | |a ohne Hilfsmittel zu benutzen |b n |2 rdamedia | ||
| 338 | |a Band |b nc |2 rdacarrier | ||
| 700 | 1 | |a Jarze̜bski, Jerzy |e Herausgeber |4 edt |0 (DE-603)138724865 | |
| 700 | 1 | |a Kitowska-Łysiak, Małgorzata |e Herausgeber |4 edt |0 (DE-603)138828784 | |
| 700 | 1 | |a Bolecki, Włodzimierz |d 1952- |e Herausgeber |4 edt |0 (DE-603)155332813 |0 (DE-588)124700160 |2 gnd | |
| 700 | 1 | |a Rosiek, Stanisław |e Herausgeber |4 edt |0 (DE-603)184852137 | |
| 700 | 1 | |a Ficowski, Jerzy |d 1924-2006 |e Herausgeber |4 edt |0 (DE-603)106625489 |0 (DE-588)124005438 |2 gnd | |
| 773 | 0 | 8 | |q 15 |w (DE-603)385672926 |
| 856 | 4 | 2 | |m V:DE-603;B:DE-Mb50 |q application/pdf |u http://scans.hebis.de/HEBCGI/show.pl?38707513_toc.pdf |3 Inhaltsverzeichnis |
| 924 | 0 | |9 Mb 50 |a (DE-603)782768156 |b DE-Mb50 |c HES |d c |g 16.07506 | |
| 924 | 0 | |9 Ds 123 |a (DE-603)1062565223 |b DE-Ds123 |c HES |d d |g D 3 Sch/Dz-5 | |
| 924 | 0 | |9 26 |a (DE-603)1040819958 |b DE-26 |c HES |d c |g 000 KP 4401.2016-5 | |
alle Bände anzeigen

